[Event "81st Tata Steel Tienkamp 2019"]
[Site "Wijk aan Zee"]
[Date "2019.01.22"]
[Round "5"]
[White "Vrolijk, Liam"]
[Black "Rapport, Jovana"]
[Result "1/2-1/2"]
[WhiteElo "2433"]
[BlackElo "2375"]
[Annotator "TA"]
[PlyCount "57"]
[EventDate "2019.01.12"]
[EventType "tourn"]
[EventCountry "NED"]
[SourceTitle "playchess.com"]
[Source "ChessBase"]
[SourceQuality "1"]

{[%evp 14,57,18,6,19,20,18,20,34,35,37,37,37,31,35,33,37,23,20,15,43,37,36,34,47,19,30,37,25,18,20,7,9,3,14,0,0,0,1,1,1,1,1,2,20,0]} 1. d4 Nf6 2. Nf3 e6 3. c4 b6 4. g3 Bb7 5. Bg2 Bb4+ 6. Nbd2 c5 7. a3 Bxd2+ 8. Qxd2 cxd4 {E16: Queen's Indian: 4 g3 Bb7 5 Bg2 Bb4+} 9. Qxd4 (9. O-O Bxf3 10. exf3 Nc6 11. f4 Rc8 12. b3 O-O 13. Bb2 d5 14. cxd5 Nxd5 15. Rfd1 Nc3 16. Bxc3 dxc3 17. Qxc3 Na5 {1-0 (28) Xu,X (2574)-Eljanov,P (2706) China 2018}) 9... Nc6 {[%cal Bb8c6,Bc6a5,Ba5b3,Bb3c1][%mdl 32]} 10. Qf4 Na5 11. b4 Nb3 12. Rb1 Nxc1 13. Rxc1 Rc8 14. O-O Qc7 15. Qe3 O-O $146 ({Predecessor:} 15... d6 16. Rfd1 {½-½ (42) Bykov,O (2383)-Andreev,E (2431) Lipetsk 2018}) 16. Rfd1 d6 17. Nd4 {[#] Threatens to win with Nb5.} Bxg2 18. Kxg2 Qb7+ 19. Qf3 Qxf3+ 20. Kxf3 a6 21. b5 Ra8 {The position is equal.} 22. bxa6 Rxa6 23. Nb5 Rd8 24. Rd3 Ne8 25. Rcd1 {[%cal Rb5d6]} Rc8 26. Nxd6 Nxd6 27. Rxd6 {[#] Rd8+ would kill now.} Rxa3+ 28. R1d3 Raa8 29. Rxb6 {Accuracy: White = 59%, Black = 68%.} 1/2-1/2

[Event "81st Tata Steel Tienkamp 2019"]
[Site "Wijk aan Zee"]
[Date "2019.01.22"]
[Round "5"]
[White "Beukema, Stefan"]
[Black "Brink, Barry"]
[Result "0-1"]
[WhiteElo "2414"]
[BlackElo "2385"]
[Annotator "TA"]
[PlyCount "68"]
[EventDate "2019.01.12"]
[EventType "tourn"]
[EventCountry "NED"]
[SourceTitle "playchess.com"]
[Source "ChessBase"]
[SourceQuality "1"]

{[%evp 22,68,-12,-20,0,-19,0,0,0,-30,0,0,0,0,26,21,27,15,95,84,89,-48,-57,-336,-314,-660,-640,-642,-637,-692,-659,-583,-468,-652,-652,-704,-693,-687,-677,-1550,-1417,-6100,-2860,-29983,-29984,-29990,-29990,-29997,-29998]} 1. e4 c5 2. Nf3 e6 3. d4 cxd4 4. Nxd4 Nc6 5. Nc3 Qc7 6. Be3 a6 7. Bd3 Nf6 8. O-O b5 9. Nb3 Be7 10. f4 d6 11. a4 {B57: Classical Sicilian: Sozin with 6...Qb6} b4 12. Nb1 {LiveBook: 5 Games} e5 13. f5 {The position is equal.} g6 $146 ({Predecessor:} 13... Bb7 14. N1d2 Nb8 15. Qf3 Nbd7 16. c3 bxc3 17. Rfc1 d5 18. Rxc3 Qb8 19. exd5 Nxd5 {0-1 (53) Hnydiuk,A (2352)-Blehm,P (2494) Plock 2000}) 14. fxg6 hxg6 15. Qf3 Be6 16. a5 Ng4 17. Bb6 Qd7 (17... Qc8 $5 18. h3 $8 Nf6 $14) 18. h3 Nf6 19. N1d2 Kf8 (19... Nh5 $11) 20. Nc4 Kg7 {[%cal Re6h3]} 21. Ne3 (21. Be3 $16) 21... Nh7 $1 $15 22. h4 $2 {[%mdl 8192]} ({White should play} 22. Qg3 $15) 22... Bxh4 $19 23. Nf5+ $2 (23. Nd5 Ng5 24. Qe3 Bxd5 25. exd5) 23... gxf5 24. exf5 {[#]} Bxb3 $1 25. Qg4+ {[#]} Kf6 $1 26. cxb3 Bg5 27. Be4 Rag8 28. Qf3 Nd4 29. Qd3 Qb5 {...Qxd3 is the strong threat.} 30. Qh3 Bd2 {Hoping for ...Ng5.} 31. Bd3 Qd5 32. Bc4 Qe4 {Black mates.} 33. Bd3 Be3+ 34. Kh2 {[#]} Rxg2+ $1 {[%mdl 512] Accuracy: White = 29%, Black = 75%.} 0-1

[Event "81st Tata Steel Tienkamp 2019"]
[Site "Wijk aan Zee"]
[Date "2019.01.22"]
[Round "5"]
[White "Martens, Martin"]
[Black "Kevlishvili, Robby"]
[Result "0-1"]
[WhiteElo "2382"]
[BlackElo "2453"]
[Annotator "TA"]
[PlyCount "96"]
[EventDate "2019.01.12"]
[EventType "tourn"]
[EventCountry "NED"]
[SourceTitle "playchess.com"]
[Source "ChessBase"]
[SourceQuality "1"]

{[%evp 14,96,0,15,7,0,7,10,0,0,25,9,16,11,18,-10,28,22,43,18,43,12,14,-52,0,0,0,-113,-112,-108,-115,-103,-101,-85,-98,-158,-154,-167,-176,-173,-161,-180,-168,-224,-224,-279,-278,-257,-271,-267,-227,-224,-216,-238,-195,-268,-277,-288,-191,-198,-192,-192,-191,-188,-191,-190,-192,-294,-283,-360,-341,-338,-323,-439,-430,-516,-489,-500,-435,-432,-425,-501,-477,-493,-466]} 1. c4 e5 2. g3 Nf6 3. Bg2 d5 4. cxd5 Nxd5 5. Nc3 Nb6 6. d3 Be7 7. Be3 O-O 8. Rc1 Re8 {A22: English Opening: 1...e5 2 Nc3 Nf6} 9. Qc2 Bf8 10. a3 c6 {The position is equal.} 11. Nf3 Na6 (11... N8d7 12. O-O Nf6 13. b4 Bf5 14. Rfd1 h6 15. Ne4 Rc8 16. Bc5 Bxe4 17. dxe4 {½-½ (39) Ding,L (2777)-Harikrishna,P (2744) Huaian 2017}) 12. O-O Nc7 $146 ({Predecessor:} 12... f6 13. Ne4 Be6 14. b4 Qd7 15. Rfd1 Rad8 16. Bc5 {1-0 (45) Haugli,P (2245)-Bohman Karlholm,A (2019) Tylosand 2018}) 13. Rcd1 Bf5 14. Nh4 Bd7 15. d4 exd4 16. Bxd4 Qc8 17. Nf3 Bf5 18. Qb3 (18. e4 $11 Bg4 19. Ne2) 18... Ne6 (18... Qe6 $15 19. Qxe6 Nxe6) 19. Be3 $11 Nc5 20. Qb4 (20. Bxc5 $11 {keeps the balance.} Bxc5 21. Ng5) 20... Ne4 21. Qb3 Nxc3 22. bxc3 Be6 $36 {[%mdl 2048] Black is really pushing.} 23. Qc2 Nc4 24. Bc1 (24. Ng5 $142 Bf5 25. Qa2) 24... Bxa3 $17 25. Ng5 Bf5 26. e4 Bxc1 27. Rxc1 Bg6 28. Qe2 (28. Rfe1 $142) 28... b5 $19 29. h4 h6 30. h5 Bf5 31. Qf3 Be6 (31... hxg5 32. exf5 Ne5 33. Qe4 $17) 32. Nxe6 Qxe6 ({Much less strong is} 32... Rxe6 33. Rfd1) 33. Rfe1 Rad8 34. Ra1 (34. Qf5 {was worth a try.}) 34... a5 35. e5 Rd5 36. Qf4 Rxe5 37. Rxe5 Qxe5 38. Bxc6 Re6 ({Don't take} 38... Qxc3 39. Rc1 $17) 39. Qxe5 Rxe5 {[%mdl 4096] Endgame KRB-KRN} ({And not} 39... Nxe5 40. Bxb5 Nc6 41. c4 $16) 40. g4 (40. Rd1 $142) 40... Rc5 41. Bd7 Kf8 42. Bf5 a4 43. Rd1 Nb6 {Black is clearly winning.} 44. Rd6 Nd5 45. c4 bxc4 46. Ra6 c3 47. Bc2 Nb4 48. Ra8+ Ke7 {Accuracy: White = 55%, Black = 79%.} 0-1

[Event "81st Tata Steel Tienkamp 2019"]
[Site "Wijk aan Zee"]
[Date "2019.01.22"]
[Round "5"]
[White "Mamedjarova, Zeinab"]
[Black "Kosakowski, Jakub"]
[Result "1-0"]
[WhiteElo "2311"]
[BlackElo "2404"]
[Annotator "NA"]
[PlyCount "55"]
[EventDate "2019.01.12"]
[EventType "tourn"]
[EventCountry "NED"]
[SourceTitle "playchess.com"]
[Source "ChessBase"]
[SourceQuality "1"]
[TimeControl "40/6000+30:20/3000+30:900+30"]

1. d4 {[%emt 0:00:00]} Nf6 {[%emt 0:00:00]} 2. Nf3 {[%emt 0:00:04]} g6 {[%emt 0:00:00]} 3. e3 {[%emt 0:00:33]} Bg7 {[%emt 0:00:02]} 4. Bd3 {[%emt 0:00:12]} O-O {[%emt 0:00:13]} 5. O-O {[%emt 0:00:09]} d6 {[%emt 0:00:09]} 6. c4 {[%emt 0:02:48]} Nc6 {[%emt 0:01:06]} 7. Nc3 {[%emt 0:03:06]} e5 {[%emt 0:02:53]} 8. b3 {[%emt 0:04:38]} Nd7 {[%emt 0:07:58]} 9. Bb2 {[%emt 0:08:54]} f5 {[%emt 0:07:35]} 10. Be2 {[%emt 0:06:19]} Kh8 {[%emt 0:02:43]} 11. dxe5 {[%emt 0:01:39]} dxe5 {[%emt 0:00:42]} 12. Qd2 {[%emt 0:07:33]} e4 {[%emt 0:12:58]} 13. Nd4 {[%emt 0:03:24]} Nc5 {[%emt 0:00:16]} 14. Rad1 {[%emt 0:09:04]} Ne5 {[%emt 0:02:29]} 15. Ba3 {[%emt 0:03:11]} b6 {[%emt 0:00:48]} 16. Na4 $16 {[%emt 0:04:30]} Nxa4 {[%emt 0:31:34]} 17. Bxf8 {[%emt 0:00:43]} Qxf8 {[%emt 0:00:06]} 18. bxa4 {[%emt 0:00:20]} Bd7 {[%emt 0:00:03]} 19. a5 {[%emt 0:04:08]} Re8 {[%emt 0:05:15]} 20. Rb1 {[%emt 0:07:23]} Qf7 {[%emt 0:06:58]} 21. Rfc1 {[%emt 0:01:12]} c5 {[%emt 0:09:40]} 22. Nb5 {[%emt 0:06:24]} Be6 {[%emt 0:00:08]} 23. axb6 {[%emt 0:10:08]} axb6 {[%emt 0:01:00]} 24. Nd6 {[%emt 0:04:31]} Qd7 {[%emt 0:00:08]} 25. Rxb6 {[%emt 0:00:12]} Rd8 {[%emt 0:00:12]} 26. Rd1 {[%emt 0:02:51]} Bf6 {[%emt 0:05:11]} 27. Nxe4 {[%emt 0:03:34]} Qe7 {[%emt 0:06:30]} 28. Qxd8+ {[%emt 0:00:28]} 1-0

[Event "81st Tata Steel Tienkamp 2019"]
[Site "Wijk aan Zee"]
[Date "2019.01.23"]
[Round "6"]
[White "Warmerdam, Max"]
[Black "Vrolijk, Liam"]
[Result "1-0"]
[WhiteElo "2440"]
[BlackElo "2433"]
[Annotator "NA"]
[PlyCount "81"]
[EventDate "2019.01.12"]
[EventType "tourn"]
[EventCountry "NED"]
[SourceTitle "playchess.com"]
[Source "ChessBase"]
[SourceQuality "1"]
[TimeControl "40/6000+30:20/3000+30:900+30"]

1. e4 {[%emt 0:00:00]} e5 {[%emt 0:00:00]} 2. Nf3 {[%emt 0:00:00]} Nc6 {[%emt 0:00:00]} 3. d4 {[%emt 0:00:00]} exd4 {[%emt 0:00:00]} 4. Nxd4 {[%emt 0:00:00]} Bc5 {[%emt 0:02:53]} 5. Nxc6 {[%emt 0:00:00]} bxc6 {[%emt 0:00:29]} 6. Bd3 {[%emt 0:00:05]} Qh4 {[%emt 0:00:48]} 7. Qe2 {[%emt 0:00:06]} Nf6 {[%emt 0:03:21]} 8. h3 {[%emt 0:00:21]} O-O {[%emt 0:15:20]} 9. g3 {[%emt 0:01:39]} Qh5 {[%emt 0:00:47] LiveBook: 12 Games} 10. g4 {[%emt 0:00:07]} Qe5 {[%emt 0:00:39]} 11. g5 $11 {[%emt 0:00:07]} Ne8 {[%emt 0:05:51]} 12. f4 {[%emt 0:00:05]} Qe7 {[%emt 0:00:05]} 13. Nc3 {[%emt 0:29:47]} a5 {[%emt 0:07:51]} 14. h4 {[%emt 0:04:50]} Bd4 {[%emt 0:17:07]} 15. Nd1 {[%emt 0:10:29]} Ba6 {[%emt 0:03:03]} 16. Bxa6 {[%emt 0:13:15]} Rxa6 {[%emt 0:00:49]} 17. e5 {[%emt 0:01:20]} Ra8 {[%emt 0:02:33]} 18. c3 {[%emt 0:13:06]} Bb6 {[%emt 0:00:33]} 19. Ne3 {[%emt 0:00:54]} d6 {[%emt 0:05:08]} 20. Nc4 {[%emt 0:05:26]} dxe5 {[%emt 0:05:53]} 21. fxe5 {[%emt 0:00:40]} Qe6 {[%emt 0:06:50]} 22. Bd2 {[%emt 0:00:35]} g6 {[%emt 0:01:21]} 23. O-O-O {[%emt 0:02:20]} Nd6 {[%emt 0:02:01]} 24. Nxb6 {[%emt 0:03:12]} cxb6 {[%emt 0:00:51]} 25. h5 {[%emt 0:00:57]} Nf5 {[%emt 0:02:48]} 26. Qh2 {[%emt 0:00:26]} Ra7 {[%emt 0:00:51]} 27. Kb1 {[%emt 0:00:57]} Rd7 {[%emt 0:02:28]} 28. Bc1 {[%emt 0:07:34]} Rfd8 {[%emt 0:00:58]} 29. Rxd7 {[%emt 0:09:51]} Rxd7 {[%emt 0:00:33]} 30. hxg6 {[%emt 0:00:11]} fxg6 {[%emt 0:00:46]} 31. Re1 {[%emt 0:00:31]} Ne7 {[%emt 0:03:55]} 32. Ka1 {[%emt 0:02:14]} Nd5 {[%emt 0:00:54]} 33. Qf2 {[%emt 0:01:38]} Kg7 {[%emt 0:01:15]} 34. c4 {[%emt 0:01:39]} Nc7 {[%emt 0:03:32]} 35. Qxb6 {[%emt 0:00:09]} Qxc4 {[%emt 0:00:06]} 36. Qxa5 {[%emt 0:01:42]} Ne6 {[%emt 0:02:41]} 37. Qc3 {[%emt 0:00:36]} Qa6 {[%emt 0:00:16]} 38. Qh3 {[%emt 0:01:01]} Nc5 {[%emt 0:01:45]} 39. e6 {[%emt 0:01:00]} Ra7 {[%emt 0:00:49]} 40. Qc3+ {[%emt 0:00:23]} Kg8 {[%emt 0:00:41]} 41. a3 {[%emt 0:12:12]} 1-0

[Event "81st Tata Steel Tienkamp 2019"]
[Site "Wijk aan Zee"]
[Date "2019.01.23"]
[Round "6"]
[White "Beukema, Stefan"]
[Black "Mamedjarova, Zeinab"]
[Result "0-1"]
[WhiteElo "2414"]
[BlackElo "2311"]
[Annotator "NA"]
[PlyCount "112"]
[EventDate "2019.01.12"]
[EventType "tourn"]
[EventCountry "NED"]
[SourceTitle "playchess.com"]
[Source "ChessBase"]
[SourceQuality "1"]
[TimeControl "40/6000+30:20/3000+30:900+30"]

1. f4 {[%emt 0:00:15]} d5 {[%emt 0:02:05]} 2. Nf3 {[%emt 0:00:09]} Nf6 {[%emt 0:00:03]} 3. g3 {[%emt 0:00:14]} b6 {[%emt 0:02:53]} 4. Bg2 {[%emt 0:00:09]} Bb7 {[%emt 0:00:03]} 5. d3 {[%emt 0:00:28]} e6 {[%emt 0:00:20]} 6. O-O {[%emt 0:07:58]} Be7 {[%emt 0:00:09]} 7. e4 {[%emt 0:01:55]} dxe4 {[%emt 0:03:54]} 8. Ng5 {[%emt 0:01:01]} Na6 {[%emt 0:06:38]} 9. Nc3 {[%emt 0:02:13]} Nc5 {[%emt 0:03:14]} 10. d4 {[%emt 0:02:40]} h6 {[%emt 0:04:06]} 11. Nh3 {[%emt 0:08:42]} Na6 {[%emt 0:15:47]} 12. Nf2 {[%emt 0:00:07]} c5 {[%emt 0:12:04]} 13. Ncxe4 {[%emt 0:07:28]} Nxe4 {[%emt 0:01:36]} 14. Nxe4 {[%emt 0:00:06]} Qc7 $11 {[%emt 0:03:30]} 15. f5 {[%emt 0:05:09]} exf5 {[%emt 0:08:56]} 16. Rxf5 {[%emt 0:04:44]} Qd7 {[%emt 0:01:44]} 17. Rf1 {[%emt 0:06:20]} Rd8 {[%emt 0:12:27]} 18. Qe2 {[%emt 0:00:34]} O-O {[%emt 0:04:28]} 19. Be3 {[%emt 0:03:24]} f5 {[%emt 0:05:56]} 20. Nc3 {[%emt 0:02:55]} Bxg2 {[%emt 0:01:43]} 21. Qxg2 {[%emt 0:00:05]} cxd4 {[%emt 0:00:26]} 22. Rad1 {[%emt 0:00:40]} Qe6 {[%emt 0:07:52]} 23. Bxd4 {[%emt 0:01:02]} Rxd4 {[%emt 0:00:08]} 24. Rxd4 {[%emt 0:00:05]} Bc5 {[%emt 0:00:06]} 25. Rfd1 {[%emt 0:03:28]} Rd8 {[%emt 0:04:14]} 26. Qe2 {[%emt 0:02:57]} Qf7 {[%emt 0:05:24]} 27. Qxa6 {[%emt 0:02:41]} Bxd4+ {[%emt 0:00:45]} 28. Kg2 {[%emt 0:00:54]} f4 {[%emt 0:00:35]} 29. Qe2 {[%emt 0:00:28]} Re8 {[%emt 0:01:34]} 30. Ne4 {[%emt 0:02:32]} Bxb2 {[%emt 0:01:33]} 31. Qf3 {[%emt 0:01:09]} Be5 {[%emt 0:00:14]} 32. a3 {[%emt 0:01:53]} fxg3 {[%emt 0:00:18]} 33. hxg3 {[%emt 0:00:05]} Qxf3+ {[%emt 0:00:38]} 34. Kxf3 {[%emt 0:00:05]} Rc8 {[%emt 0:00:40]} 35. Rd7 {[%emt 0:00:40]} Rc7 {[%emt 0:00:49]} 36. Rd5 {[%emt 0:00:47]} Bb2 {[%emt 0:00:13]} 37. a4 {[%emt 0:00:03]} Rxc2 {[%emt 0:00:16]} 38. Rd7 {[%emt 0:00:05]} a5 {[%emt 0:00:32]} 39. Rb7 {[%emt 0:00:26]} Rc6 {[%emt 0:00:18]} 40. Nd2 {[%emt 0:00:26]} Be5 {[%emt 0:00:56]} 41. g4 {[%emt 0:50:27]} Kh7 {[%emt 0:50:31]} 42. Ke4 {[%emt 0:00:11]} Bc3 {[%emt 0:00:38]} 43. Nf3 {[%emt 0:00:47]} Bf6 {[%emt 0:00:00]} 44. Kf5 {[%emt 0:00:00]} Rc5+ {[%emt 0:00:00]} 45. Ke6 {[%emt 0:00:00]} Rc4 {[%emt 0:00:00]} 46. Kf5 {[%emt 0:00:00]} Rxa4 {[%emt 0:00:00]} 47. Rxb6 {[%emt 0:00:00]} Ra1 {[%emt 0:00:00]} 48. g5 {[%emt 0:00:00]} hxg5 {[%emt 0:00:00]} 49. Ra6 {[%emt 0:00:00]} a4 {[%emt 0:00:00]} 50. Kg4 {[%emt 0:00:00]} a3 {[%emt 0:00:00]} 51. Kf5 {[%emt 0:00:00]} a2 {[%emt 0:00:00]} 52. Kg4 {[%emt 0:00:00]} Kg8 {[%emt 0:00:00]} 53. Kg3 {[%emt 0:00:00]} Kf7 {[%emt 0:00:00]} 54. Kf2 {[%emt 0:00:00]} g4 {[%emt 0:00:00]} 55. Nd2 {[%emt 0:00:00]} Bd4+ {[%emt 0:00:00]} 56. Ke2 {[%emt 0:00:00]} Bc3 {[%emt 0:00:00]} 0-1

[Event "81st Tata Steel Tienkamp 2019"]
[Site "Wijk aan Zee"]
[Date "2019.01.23"]
[Round "6"]
[White "Kosakowski, Jakub"]
[Black "Beerdsen, Thomas"]
[Result "0-1"]
[WhiteElo "2404"]
[BlackElo "2484"]
[Annotator "ChessBase"]
[PlyCount "66"]
[EventDate "2019.01.12"]
[EventType "tourn"]
[EventCountry "NED"]
[SourceTitle "playchess.com"]
[Source "ChessBase"]
[SourceQuality "1"]
[TimeControl "40/6000+30:20/3000+30:900+30"]

1. e4 {[%emt 0:00:00]} c5 {[%emt 0:04:49]} 2. Nf3 {[%emt 0:00:00]} e6 {[%emt 0:00:05]} 3. d4 {[%emt 0:00:06]} cxd4 {[%emt 0:00:04]} 4. Nxd4 {[%emt 0:00:09]} Nc6 {[%emt 0:00:07]} 5. Nc3 {[%emt 0:00:11]} Qc7 {[%emt 0:00:05]} 6. f4 {[%emt 0:00:34]} a6 {[%emt 0:00:42]} 7. Nxc6 {[%emt 0:00:39]} bxc6 {[%emt 0:00:06]} 8. Bd3 {[%emt 0:00:14]} d5 {[%emt 0:00:09]} 9. Qe2 {[%emt 0:00:21]} Nf6 {[%emt 0:00:20]} 10. O-O {[%emt 0:01:36]} Be7 {[%emt 0:02:44]} 11. Kh1 {[%emt 0:01:37]} O-O {[%emt 0:03:01]} 12. e5 {[%emt 0:06:34]} Nd7 {[%emt 0:00:37]} 13. Na4 {[%emt 0:00:14]} g6 {[%emt 0:09:08]} 14. c4 {[%emt 0:00:48]} d4 {[%emt 0:11:28]} 15. Bd2 {[%emt 0:01:14]} c5 {[%emt 0:01:40]} 16. b3 {[%emt 0:00:25]} f5 {[%emt 0:04:24]} 17. exf6 {[%emt 0:02:26]} Nxf6 {[%emt 0:00:24]} 18. Rae1 {[%emt 0:01:49]} Rf7 {[%emt 0:09:52]} 19. Bc2 {[%emt 0:03:53]} Bd6 {[%emt 0:13:30]} 20. Nb2 {[%emt 0:07:42]} a5 {[%emt 0:05:35]} 21. Nd3 {[%emt 0:03:57]} Re7 {[%emt 0:06:18]} 22. Ne5 {[%emt 0:02:48]} Bb7 {[%emt 0:02:21]} 23. Qd3 {[%emt 0:09:02]} Rf8 {[%emt 0:02:44]} 24. Qg3 {[%emt 0:06:31]} Qd8 {[%emt 0:08:45]} 25. Bd3 {[%emt 0:09:13]} Qa8 {[%emt 0:00:51]} 26. Nxg6 {[%emt 0:24:20]} hxg6 {[%emt 0:02:40]} 27. Bxg6 {[%emt 0:02:03]} Rg7 {[%emt 0:00:45]} 28. Rxe6 {[%emt 0:01:01]} Be4 {[%emt 0:04:21]} 29. Bxe4 {[%emt 0:06:05]} Nxe4 {[%emt 0:00:05]} 30. Qh3 {[%emt 0:00:23]} Ng5 {[%emt 0:02:42]} 31. Qg4 {[%emt 0:00:44]} Nxe6 {[%emt 0:00:04]} 32. Qxe6+ {[%emt 0:00:05]} Rff7 {[%emt 0:00:09]} 33. Rf3 {[%emt 0:00:05]} Qd8 {[%emt 0:01:24]} 0-1

[Event "81st Tata Steel Tienkamp 2019"]
[Site "Wijk aan Zee"]
[Date "2019.01.23"]
[Round "6"]
[White "Brink, Barry"]
[Black "Kevlishvili, Robby"]
[Result "0-1"]
[WhiteElo "2385"]
[BlackElo "2453"]
[Annotator "TA"]
[PlyCount "72"]
[EventDate "2019.01.12"]
[EventType "tourn"]
[EventCountry "NED"]
[SourceTitle "playchess.com"]
[Source "ChessBase"]
[SourceQuality "1"]

{[%evp 20,72,14,10,18,16,23,24,24,23,21,15,20,25,13,15,17,8,13,9,16,0,-11,-2,0,0,0,0,0,0,0,0,0,0,8,0,0,0,0,0,0,0,19,-18,-12,-20,-20,-275,-276,-512,-507,-496,-486,-709,-703]} 1. d4 d5 2. c4 c6 3. Nf3 Nf6 4. Qc2 dxc4 5. Qxc4 Bg4 6. Nbd2 Nbd7 {D23: Queen's Gambit Accepted: 3 Nf3 Nf6 sidelines} 7. g3 e6 8. Bg2 Be7 9. O-O O-O 10. b3 (10. Qb3 b5 11. h3 Bh5 12. g4 Bg6 13. Nh4 Qb6 14. Nxg6 hxg6 {½-½ (63) Mamedyarov,S (2817)-Gozzoli,Y (2630) chess.com INT 2019}) 10... Rc8 11. Bb2 {LiveBook: 21 Games} b5 12. Qc2 c5 13. Rfc1 Qb6 14. a4 a6 $146 15. axb5 axb5 16. Qd3 Rfd8 17. e3 Bf5 18. Qe2 Ne4 19. Nh4 Bxh4 20. gxh4 Nxd2 21. Qxd2 cxd4 22. e4 {[#] Threatens to win with Rxc8.} Bg6 {aiming for ...Rxc1+.} 23. Qxd4 (23. Bxd4 {keeps more tension.} Qd6 24. Rxc8 Rxc8 25. Rd1 Bh5 26. Qg5) 23... Qxd4 24. Bxd4 Rxc1+ 25. Rxc1 f6 26. f3 Bf7 27. b4 Nf8 28. Bb6 Rb8 29. Bc7 Rc8 30. Bf1 Be8 31. Kf2 e5 32. Rc3 {With the idea Bxe5!} Bd7 33. Ke3 $2 {[%mdl 8192] [#]} (33. Kg3 $11) 33... Ne6 $19 34. Bxb5 $2 (34. Bxe5 fxe5 35. Rxc8+ Bxc8 36. Bxb5) 34... Bxb5 {Black is clearly winning.} 35. Bxe5 Ra8 36. Bg3 (36. Bc7 $142 Ra2 37. f4 Re2+ 38. Kf3 Nd4+ 39. Kg3) 36... Ra2 {Accuracy: White = 35%, Black = 86%.} 0-1

[Event "81st Tata Steel Tienkamp 2019"]
[Site "Wijk aan Zee"]
[Date "2019.01.23"]
[Round "6"]
[White "Rapport, Jovana"]
[Black "Martens, Martin"]
[Result "1/2-1/2"]
[WhiteElo "2375"]
[BlackElo "2382"]
[Annotator "NA"]
[PlyCount "48"]
[EventDate "2019.01.12"]
[EventType "tourn"]
[EventCountry "NED"]
[SourceTitle "playchess.com"]
[Source "ChessBase"]
[SourceQuality "1"]
[TimeControl "40/6000+30:20/3000+30:900+30"]

1. d4 {[%emt 0:00:00]} g6 {[%emt 0:00:00]} 2. e4 {[%emt 0:00:00]} Bg7 {[%emt 0:00:00]} 3. Nf3 {[%emt 0:00:06]} d6 {[%emt 0:00:10]} 4. Be2 {[%emt 0:00:11]} Nf6 {[%emt 0:00:17]} 5. Nc3 {[%emt 0:00:22]} O-O {[%emt 0:00:13]} 6. O-O {[%emt 0:00:09]} Nc6 {[%emt 0:00:08]} 7. d5 {[%emt 0:00:56]} Nb8 {[%emt 0:00:09]} 8. a4 {[%emt 0:01:41]} e5 {[%emt 0:06:24]} 9. dxe6 {[%emt 0:05:36]} Bxe6 {[%emt 0:00:55]} 10. Nd4 {[%emt 0:04:10]} Bd7 {[%emt 0:00:58]} 11. Bg5 {[%emt 0:02:22]} h6 {[%emt 0:01:27]} 12. Be3 {[%emt 0:13:11]} Nc6 {[%emt 0:07:07]} 13. Qd2 {[%emt 0:00:59]} Re8 {[%emt 0:06:41]} 14. f3 {[%emt 0:04:17]} Nxd4 {[%emt 0:07:27]} 15. Bxd4 {[%emt 0:00:06]} a5 {[%emt 0:02:48]} 16. Rad1 {[%emt 0:00:37]} Bc6 {[%emt 0:11:02]} 17. Bc4 $14 {[%emt 0:02:47]} Nd7 {[%emt 0:05:05]} 18. f4 {[%emt 0:05:35]} Bxe4 {[%emt 0:13:06]} 19. Bxg7 {[%emt 0:02:17]} Kxg7 {[%emt 0:00:37]} 20. Nxe4 {[%emt 0:08:37]} Rxe4 {[%emt 0:01:34]} 21. Bd5 {[%emt 0:00:50]} Rb4 {[%emt 0:07:45]} 22. c3 {[%emt 0:03:23]} Rb6 {[%emt 0:01:14]} 23. Rde1 {[%emt 0:06:19]} Nf6 {[%emt 0:05:07]} 24. f5 {[%emt 0:06:23]} g5 {[%emt 0:03:32]} 1/2-1/2

[Event "81st Tata Steel Tienkamp 2019"]
[Site "Wijk aan Zee"]
[Date "2019.01.25"]
[Round "7"]
[White "Beerdsen, Thomas"]
[Black "Beukema, Stefan"]
[Result "0-1"]
[WhiteElo "2484"]
[BlackElo "2414"]
[Annotator "TA"]
[PlyCount "64"]
[EventDate "2019.01.12"]
[EventType "tourn"]
[EventCountry "NED"]
[SourceTitle "playchess.com"]
[Source "ChessBase"]
[SourceQuality "1"]

{[%evp 20,64,27,26,44,34,51,38,74,25,119,44,36,37,52,6,12,0,14,-25,-15,-43,-40,-36,-43,-117,-113,-112,-103,-141,-134,-135,-139,-145,-142,-379,-375,-454,-358,-514,-519,-554,-554,-554,-549,-506,-509]} 1. e4 e5 2. Nf3 Nc6 3. Bb5 a6 4. Ba4 Nf6 5. O-O Be7 6. d3 b5 7. Bb3 d6 8. a4 Rb8 9. axb5 axb5 10. Nc3 Bg4 {C84: Closed Ruy Lopez: Unusual White 6th moves} (10... O-O 11. h3 Nb4 12. Bg5 Bd7 13. Qd2 Nh5 14. Ra7 Bxg5 15. Qxg5 Nf6 16. Rfa1 Be6 17. Bxe6 fxe6 18. Qd2 Nc6 19. R7a6 {1-0 (76) Volokitin,A (2722)-Ragger,M (2655) Austria 2012}) 11. Be3 {LiveBook: 4 Games} Nd4 12. Bxd4 exd4 {White is slightly better.} 13. Nd5 c6 $146 ({Predecessor:} 13... c5 14. h3 Nxd5 15. Bxd5 Bd7 16. Ra7 O-O 17. Qa1 Bf6 18. Qa2 {½-½ (30) Pein,J (1971)-O'Toole,G (2262) London 2016}) 14. Nf4 Nd7 {[#]} (14... Qc7 $11) 15. h3 ({White should play} 15. Ng5 $1 $16 Bxg5 16. Qxg4) 15... Bxf3 $1 $14 16. Qxf3 O-O 17. Ne2 Bf6 18. Qg3 Qc7 19. Rae1 Nc5 20. Nc1 Ra8 21. f4 Ra1 22. e5 ({White should try} 22. Ba2 $15) 22... dxe5 $17 23. fxe5 {[#]} Nd7 $1 {[%cal Rf6e5]} 24. Qf4 Nxe5 25. Ne2 Rxe1 26. Rxe1 c5 {[%cal Bc6c5,Bc5c4][%mdl 32] Hoping for ...Qa5.} 27. c3 $2 (27. Bd5 $17) 27... c4 $19 28. cxd4 Qb6 (28... cxb3 $2 29. dxe5 Bxe5 30. Qb4 $19) 29. Bc2 (29. dxc4 {was the only defense.} Nd3 30. Qg3 bxc4 31. Bxc4 Nxe1 32. Qxe1) 29... cxd3 {Black is clearly winning.} 30. Qf2 dxc2 31. dxe5 Qxf2+ 32. Kxf2 Bxe5 {Precision: White = 24%, Black = 67%.} 0-1